| 000 | 00896nam a2200229Ia 4500 | ||
|---|---|---|---|
| 003 | IN-BaIIA | ||
| 008 | 211028s9999 xx 000 0 eng d | ||
| 040 | _cIIA Library | ||
| 080 |
_a083.8:524.33 _bKUK-51 |
||
| 100 |
_aKukarkin, B. V. _96422 |
||
| 245 | 0 |
_aFirst supplement to the third edition of the general catalogue of variable stars containing Information on 2216, variable stars designated in 1970 and Improved Information on 1907 previously _cB. V. Kukarkin…[et al.] |
|
| 260 |
_aMoscow _bAcademy of Sciences of the USSR _c1971 |
||
| 300 | _a323p. | ||
| 500 | _aDonated by Mrs. Bappu | ||
| 650 | _aAstronomy and Astrophysics Thesaurus | ||
| 700 |
_aEfremov, YU N _912871 |
||
| 700 |
_aKholopov, P N _912872 |
||
| 700 |
_aKukarkin, N P _912873 |
||
| 700 |
_aKurochkin, A N E _912874 |
||
| 700 |
_aMedvedeva, G I _912875 |
||
| 942 | _cBK | ||
| 999 |
_c7610 _d7610 |
||